| 000 | 00365nam a2200157Ia 4500 | ||
|---|---|---|---|
| 008 | 230524s9999 xx 000 0 und d | ||
| 082 |
_a612 _bDAN |
||
| 100 |
_aM.Daniel _923694 |
||
| 245 | 0 | _aBasic Biophysics | |
| 250 | _a1ST | ||
| 260 |
_aJODHPUR _bStudent Ed _c2005 |
||
| 300 | _aIV;248 | ||
| 500 | _aQuantity Number: 1 | ||
| 650 | _aBiomedical | ||
| 942 | _cBK | ||
| 999 |
_c35239 _d35239 |
||